Statystyki dla Postacie z serialu "Ojciec Mateusz" - aktualizacja 2024

Kliknij tutaj aby rozwiązać quiz!

Ogólne statystyki

  • Ten quiz został rozwiązany 482 razy
    (76 od ostatniego zresetowania)
  • Średni wynik to 14 z 26

Statystyki odpowiedzi

Odpowiedź% Poprawnych
ks. Mateusz Żmigrodzki
98%
Natalia Borowik
89%
Pluskwa
85%
mł. insp. Orest Możejko
84%
asp. sztab. Mieczysław Nocul
82%
st. sierż. Przemysław Gibalski
77%
biskup
72%
asp. Antoni Dziubak
70%
Emilia Kozłowska
66%
sierż. Marian Marczak
64%
babcia Lucyna
61%
Barbara Nocul
61%
Michał Wielicki
59%
sierż. sztab. Jędrzej Paruzel
57%
burmistrz Justyna Malec
52%
ks. Jacek Kolanko
52%
naczelnik mł. insp. Aleksander Morus
44%
Anna Dziubak
38%
asp. sztab. Ewa Kobylicka
38%
st. post. Bronisław Wierzbicki
36%
Dominik Możejko
34%
lekarz Krzysztof Hawro
34%
chirurg Wojciech Schiller
31%
post. Zofia Nocul
28%
kościelny Piotr Derlacki
21%
ks. Walery Opałek
8%

Rozkład punktacji

Percentyl według liczby udzielonych odpowiedzi

Procent ludzi z każdym wynikiem

Twoja historia wyników

Nie rozwiązałeś tego quizu od ostatniego zresetowania